Mathematics with Polydron TM : Explore, create, understand
Classroom resource book to help students investigate shape and space, and also explore algebra and the properties of numbers
Gespeichert in:
| 1. Verfasser: | |
|---|---|
| Format: | Buch |
| Sprache: | Undetermined |
| Veröffentlicht: |
Northampton
Polydron International
1994
|
| Schlagworte: | |
| Tags: |
Tag hinzufügen
Keine Tags, Fügen Sie den ersten Tag hinzu!
|
| Thư viện lưu trữ: | Trung tâm Học liệu Trường Đại học Cần Thơ |
|---|
| LEADER | 00747nam a2200229Ia 4500 | ||
|---|---|---|---|
| 001 | CTU_29171 | ||
| 008 | 210402s9999 xx 000 0 und d | ||
| 020 | |c 35 | ||
| 082 | |a 372.7 | ||
| 082 | |b A618m | ||
| 100 | |a Baker, Lyndon | ||
| 245 | 0 | |a Mathematics with Polydron TM : | |
| 245 | 0 | |b Explore, create, understand | |
| 245 | 0 | |c Lyndon Baker, Bob Ansell, Ian Harris | |
| 260 | |a Northampton | ||
| 260 | |b Polydron International | ||
| 260 | |c 1994 | ||
| 520 | |a Classroom resource book to help students investigate shape and space, and also explore algebra and the properties of numbers | ||
| 650 | |a Mathematics | ||
| 650 | |x Study and teaching (Elementary) | ||
| 904 | |i Minh | ||
| 980 | |a Trung tâm Học liệu Trường Đại học Cần Thơ | ||